| 000 | 00769nam a2200253Ia 4500 | ||
|---|---|---|---|
| 003 | OSt | ||
| 005 | 20221005133632.0 | ||
| 006 | a|||||r|||| 00| 0 | ||
| 007 | ta | ||
| 008 | 221004b |||||||| |||| 00| 0 hin d | ||
| 024 | _a115770 | ||
| 037 | _cTextual | ||
| 040 |
_aCRL _cCRL _bhin |
||
| 041 |
_2hin _ahin |
||
| 082 | _aV2y7M96, 152L7 | ||
| 100 | _aदेसाई, मोरारजी | ||
| 245 | 0 | _aलोकराज में प्रशासन का आदर्श | |
| 246 | _aLokarāj mean prashāsan kā ādarsha | ||
| 260 | _c1977 | ||
| 300 |
_a16पृ0 _ccm. |
||
| 650 | _aविश्व-इतिहास | ||
| 942 |
_hV2y7M96, 152L7 _cTEXL _2cc |
||
| 999 |
_c1067397 _d1067397 |
||